00656nam a2200181 i 450000100060000000300090000600500170001500700030003200800410003524501080007625000150018426000330019930000220023270000490025485200320030399900170033595201220035240036ES-MaACL20230906160127.0t|030305s1967 sp ||||1| spa d00aCantos de Nadal, Aninovo e Reis / cescolma, ordenación y prólogo de Xosé Mª Alvarez Blázquez. a[1ª ed.]. aVigo : bCastrelos, c[1967] a126 p. ; c18 cm.1 aÁlvarez Blázquez, Xosé María.920707 aES-MaACLjC-34271 bR.64877 c40036d40036 00104070aATENEOMbATENEOMcDEPO2d2008-01-17eSCl0oC-34271p1042153r2023-02-23 00:00:00w2023-02-23yMONOGRAFIA